<?xml version="1.0" encoding="UTF-8"?>
<collection xmlns="http://www.loc.gov/MARC21/slim">
 <record>
  <leader>00721nam a22002055a 4500</leader>
  <controlfield tag="001">EHU.bham026124</controlfield>
  <controlfield tag="003">AR-BHAM</controlfield>
  <controlfield tag="005">20110502122603.0</controlfield>
  <controlfield tag="008">130507s1999##################000#0#####d</controlfield>
  <datafield tag="082" ind1="3" ind2="7">
   <subfield code="a">378.82</subfield>
  </datafield>
  <datafield tag="100" ind1="1" ind2=" ">
   <subfield code="a">Lugo, Maria Teresa</subfield>
  </datafield>
  <datafield tag="245" ind1="1" ind2="0">
   <subfield code="a">Capacitacion a distancia: acercar la lejania :</subfield>
   <subfield code="b">herramientas para el desarrollo de programas a distancia /</subfield>
   <subfield code="c">Maria Teresa Lugo , Daniel Schulman</subfield>
  </datafield>
  <datafield tag="260" ind1=" " ind2=" ">
   <subfield code="a">Buenos Aires :</subfield>
   <subfield code="b">Magisterio Del Rio De La Plata,</subfield>
   <subfield code="c">1999</subfield>
  </datafield>
  <datafield tag="300" ind1=" " ind2=" ">
   <subfield code="a">174 p.</subfield>
  </datafield>
  <datafield tag="490" ind1="0" ind2=" ">
   <subfield code="a">Hacer Y Pensar La Escuela</subfield>
  </datafield>
  <datafield tag="653" ind1=" " ind2=" ">
   <subfield code="a">Educacion a distancia</subfield>
  </datafield>
  <datafield tag="653" ind1=" " ind2=" ">
   <subfield code="a">EnseÑanza-tecnicas</subfield>
  </datafield>
  <datafield tag="653" ind1=" " ind2=" ">
   <subfield code="a">Educacion</subfield>
  </datafield>
  <datafield tag="700" ind1="1" ind2=" ">
   <subfield code="a">Schulman, Daniel</subfield>
  </datafield>
  <datafield tag="859" ind1=" " ind2=" ">
   <subfield code="a">AR-BHAM</subfield>
   <subfield code="b">BIB. HUMANIDADES - General</subfield>
   <subfield code="h">378.82</subfield>
   <subfield code="i">L697</subfield>
   <subfield code="p">747.03</subfield>
   <subfield code="t">Ej.1</subfield>
  </datafield>
 </record>
</collection>
